01440nam a22003857a 4500003000500000005001700005008004100022010001000063011001000073035001000083040000900093090001000102100004000112245012700152260004000279300002200319502006500341590003700406590004100443590004100484590004100525590004200566650003600608650004300644650003100687650003300718650003200751650004200783650003100825901000700856942001000863949003600873999001700909952012800926CHAP20220329140216.0971013s1984 r 00010 d a48589 a49561 a53710 cCHAP aTesis00aRincón Tuex, Juan Arnoldo.997457 aToleracia a presión osmítica y a marchitamiento permanente en maíz (Zea mays L.) y sorgo (Sorghum bicolor L. Moench) aChapingo, Méx. :bEl autor,c1984 a93 h.b; gráfs. aTesis (M. C. Esp. en Genética) -- Colegio de Postgraduados aALEPHb10c20130110lUCH01h1320 aBATCH-UPDb10c20130110lUCH01h1954 aBATCH-UPDb10c20130410lUCH01h1315 aBATCH-UPDb10c20130914lUCH01h1128 aCONVERSIONb10c20130109lUCH01h132714aCultivos en invernadero.93037614aMaízxResistencia a sequía.97105314aMaízxVariedades.97108114aMarchitez del maíz.97128514aMarchitez del sorgo.97128714aSorgoxResistencia al frío.910871614aSorgoxVariedades.9108734 aBK cTESIS bBCcTESd-118929eTS1i53710si c48589d48589 00102local4051708TESISaBCbBCcPA_TESISd2012-12-17fTESISl0oTesisp-118929r2019-12-31 00:00:00w2019-12-31yTESIS